[Event "Open Brno 2017"]
[Site "Brno"]
[Date "2017.11.12"]
[Round "2"]
[White "Rychtecky, Pavel"]
[Black "Kirste, Olaf"]
[Result "0-1"]
[WhiteElo "1567"]
[BlackElo "1942"]
[PlyCount "72"]
[EventDate "2017.11.11"]

1. e4 c5 2. Nf3 e6 3. d4 cxd4 4. Nxd4 Nf6 5. Nc3 d6 6. Bd3 a6 7. O-O Be7 8. Be3
Qc7 9. h3 O-O 10. f4 Nbd7 11. g4 Nc5 12. g5 Nxd3 13. cxd3 Ne8 14. Qf3 Qd8 15.
h4 f6 16. Qg3 Nc7 17. Rf2 Qe8 18. Rg2 Qh5 19. Rf1 Bd7 20. Na4 Bxa4 21. Rc1 Bc6
22. Rxc6 bxc6 23. Nxc6 Rae8 24. gxf6 Bxf6 25. e5 Qxh4 26. exf6 Qxg3 27. Rxg3
Rxf6 28. Bd4 Rf7 29. b3 Nd5 30. Bb2 Nxf4 31. Kh2 g6 32. Nb4 Rc8 33. Bd4 a5 34.
Na6 Rc2+ 35. Kh1 Ne2 36. Rg4 Nxd4 0-1

[Event "Open Brno 2017"]
[Site "Brno"]
[Date "2017.11.12"]
[Round "2"]
[White "Glacner, Karel"]
[Black "Bednar, Martin"]
[Result "1/2-1/2"]
[WhiteElo "1559"]
[BlackElo "1752"]
[PlyCount "86"]
[EventDate "2017.11.11"]

1. e4 c6 2. d4 d5 3. e5 e6 4. Bd3 c5 5. Nf3 c4 6. Be2 Nc6 7. c3 Nge7 8. Bg5 h6
9. Bh4 Qc7 10. Na3 a6 11. Nc2 Nf5 12. Ne3 Nxh4 13. Nxh4 Be7 14. Nf3 Bd7 15. O-O
O-O 16. Qd2 f5 17. g3 b5 18. Ng2 b4 19. Nfh4 bxc3 20. bxc3 Bxh4 21. gxh4 Rab8
22. Nf4 Qb6 23. Kh1 Ne7 24. Bh5 Be8 25. Rg1 Kh7 26. Rg2 g6 27. Rag1 Rg8 28. Bd1
Bf7 29. Nh3 Qb2 30. f4 Qxd2 31. Rxd2 Rb6 32. Rgg2 Rgb8 33. Ng1 Be8 34. h3 a5
35. Kh2 a4 36. Nf3 Nc8 37. a3 Na7 38. Ra2 Nb5 39. Rgc2 Kg7 40. Kg3 Nc7 41. Rd2
Nb5 42. Rdc2 Nc7 43. Rd2 Nb5 1/2-1/2

[Event "Open Brno 2017"]
[Site "Brno"]
[Date "2017.11.12"]
[Round "2"]
[White "Aird, Ian"]
[Black "Sojka, Oldrich"]
[Result "1-0"]
[WhiteElo "1738"]
[BlackElo "1529"]
[PlyCount "87"]
[EventDate "2017.11.11"]

1. c4 e5 2. Nc3 Nc6 3. Nf3 Nf6 4. d4 exd4 5. Nxd4 Nxd4 6. Qxd4 h6 7. e4 b6 8.
Be2 Bc5 9. Qd3 Bb7 10. O-O Be7 11. e5 Nh7 12. Nd5 Ng5 13. Bd2 c6 14. Nxe7 Qxe7
15. Bc3 Ne6 16. Qd6 Qxd6 17. exd6 O-O 18. Rfe1 c5 19. Rad1 Rfe8 20. Bf1 Ng5 21.
Re7 Bc6 22. Bd3 Ne6 23. Bf5 Rxe7 24. dxe7 Re8 25. Be5 Rxe7 26. Kf1 Re8 27. Bg4
g6 28. Bf6 h5 29. Bf3 Bxf3 30. gxf3 Nd4 31. Bxd4 cxd4 32. Rxd4 Rd8 33. Ke2 d6
34. Kd3 Kf8 35. b4 f5 36. a4 Ke7 37. Rd5 Ke6 38. Kd4 Rc8 39. a5 Rb8 40. Rb5 Kd7
41. Kd5 Re8 42. axb6 Re5+ 43. Kd4 Rxb5 44. bxa7 1-0

[Event "Open Brno 2017"]
[Site "Brno"]
[Date "2017.11.12"]
[Round "2"]
[White "Ivanov, Mikhail"]
[Black "Blazek, Pavel"]
[Result "1-0"]
[WhiteElo "1427"]
[BlackElo "1735"]
[PlyCount "47"]
[EventDate "2017.11.11"]

1. e4 c6 2. d4 d5 3. exd5 cxd5 4. c4 Nf6 5. Nc3 e6 6. Nf3 Nc6 7. Be2 Be7 8. O-O
O-O 9. b3 Ne4 10. Bb2 Nxc3 11. Bxc3 Bf6 12. b4 dxc4 13. Bxc4 Ne7 14. Ne5 Qc7
15. Qb3 Rd8 16. Rad1 Nd5 17. Bd2 Nb6 18. Qg3 Rxd4 19. Bf4 Rxc4 20. Nxc4 Qxc4
21. Be5 Kf8 22. Bxf6 Nd5 23. Qd6+ Ke8 24. Qd8# 1-0

[Event "Open Brno 2017"]
[Site "Brno"]
[Date "2017.11.12"]
[Round "2"]
[White "Paseka, Christian"]
[Black "Tajovsky, Simon"]
[Result "1-0"]
[WhiteElo "1706"]
[BlackElo "1394"]
[PlyCount "95"]
[EventDate "2017.11.11"]

1. d4 {[%emt 0:00:00]} d5 {[%emt 0:00:11]} 2. c4 {[%emt 0:01:11]} Nc6 3. cxd5
Qxd5 4. Nf3 e5 5. Nc3 Bb4 6. Bd2 Bxc3 7. Bxc3 Bg4 8. Nxe5 Nxe5 9. dxe5 O-O-O
10. Qxd5 Rxd5 11. f3 Be6 12. e4 Rc5 13. Be2 Ne7 14. Bb4 Rxe5 15. Bxe7 f6 16.
Bb4 Re8 17. Bc3 Rc5 18. Kf2 Rd8 19. Rhd1 Rh5 20. Rxd8+ Kxd8 21. h3 Kd7 22. a3
Kc6 23. b4 a6 24. Rc1 Kd7 25. f4 Rh4 26. Bd2 f5 27. exf5 Bxf5 28. g4 Be4 29.
Kg3 Rh6 30. g5 Re6 31. Bg4 c6 32. Bxe6+ Kxe6 33. Bc3 g6 34. Rd1 Bd5 35. Re1+
Kf7 36. Bd4 Be6 37. Re5 Bf5 38. h4 Be6 39. h5 Bf5 40. a4 Be6 41. b5 cxb5 42.
axb5 a5 43. Rc5 a4 44. Rc7+ Ke8 45. Rxb7 a3 46. Ra7 a2 47. b6 Kd8 48. b7 1-0

[Event "Open Brno 2017"]
[Site "Brno"]
[Date "2017.11.12"]
[Round "2"]
[White "Igen, Amir"]
[Black "Richterova, Natasa"]
[Result "1-0"]
[WhiteElo "1684"]
[BlackElo "1273"]
[PlyCount "49"]
[EventDate "2017.11.11"]

1. d4 d5 2. c4 e5 3. dxe5 d4 4. Nf3 Nc6 5. g3 Bf5 6. Bg2 d3 7. Nh4 Bb4+ 8. Bd2
dxe2 9. Bxc6+ bxc6 10. Qxe2 Bd3 11. Qf3 Bxd2+ 12. Nxd2 Qd7 13. O-O-O Ne7 14.
Nb3 Qe6 15. Qxd3 O-O 16. Nc5 Qxe5 17. Nd7 Qg5+ 18. f4 Qa5 19. Qa3 Qxa3 20. bxa3
Rfe8 21. Rhe1 Rad8 22. Rxe7 Rxe7 23. Nf6+ gxf6 24. Rxd8+ Kg7 25. Nf5+ 1-0

[Event "Open Brno 2017"]
[Site "Brno"]
[Date "2017.11.12"]
[Round "2"]
[White "Razbekov, Alisher"]
[Black "Gulacsi, Donat"]
[Result "0-1"]
[WhiteElo "1165"]
[BlackElo "1639"]
[PlyCount "62"]
[EventDate "2017.11.11"]

1. e4 e5 2. Nf3 d6 3. Nc3 Nf6 4. Bc4 Be7 5. d3 O-O 6. Bg5 Be6 7. Bb3 h6 8. Be3
Nbd7 9. O-O c6 10. d4 Ng4 11. d5 Nxe3 12. fxe3 cxd5 13. Bxd5 Qb6 14. Qc1 Rac8
15. Rb1 Nf6 16. Bb3 Rc7 17. Rd1 Rfc8 18. Qd2 Bxb3 19. axb3 Rxc3 20. bxc3 Nxe4
21. Qe1 Nxc3 22. Ra1 Nxd1 23. Rxd1 Rxc2 24. Nd2 Bg5 25. Nf1 Qc6 26. Qg3 Qc3 27.
Rxd6 Rc1 28. Qf3 e4 29. Qe2 g6 30. Qb5 a6 31. Qe8+ Kg7 0-1

[Event "Open Brno 2017"]
[Site "Brno"]
[Date "2017.11.13"]
[Round "3"]
[White "Kalisch, Michael"]
[Black "Qashashvili, Alexandre"]
[Result "0-1"]
[WhiteElo "2060"]
[BlackElo "2514"]
[PlyCount "50"]
[EventDate "2017.11.11"]

1. e4 c5 2. Nc3 e6 3. f4 d5 4. Nf3 Nf6 5. Bb5+ Bd7 6. Bxd7+ Qxd7 7. d3 dxe4 8.
dxe4 Qxd1+ 9. Kxd1 Nc6 10. Be3 O-O-O+ 11. Kc1 Be7 12. Rd1 Ng4 13. Bg1 f6 14. b3
g5 15. h3 Nh6 16. g3 gxf4 17. gxf4 Rhg8 18. Bf2 Rg2 19. Rf1 Nd4 20. Bxd4 cxd4
21. Nb5 a6 22. Nbxd4 Ba3+ 23. Kb1 e5 24. fxe5 fxe5 25. Ne1 Re2 0-1

[Event "Open Brno 2017"]
[Site "Brno"]
[Date "2017.11.13"]
[Round "3"]
[White "Molnar, Bela"]
[Black "Popper, Tomas"]
[Result "1-0"]
[WhiteElo "2289"]
[BlackElo "2058"]
[PlyCount "55"]
[EventDate "2017.11.11"]

1. d4 {[%emt 0:00:00]} Nf6 2. c4 c5 3. Nf3 e6 4. Nc3 Be7 5. e4 cxd4 6. Nxd4 d6
7. Be2 O-O 8. O-O Nc6 9. Be3 d5 10. Nxc6 bxc6 11. e5 Nd7 12. f4 Bc5 13. Bxc5
Nxc5 14. b4 Nb7 15. Kh1 Qe7 16. Rb1 a6 17. Qd4 Bd7 18. Na4 c5 19. Nxc5 Nxc5 20.
bxc5 Bc6 21. Rb6 Rfc8 22. Bf3 Bb7 23. Rfb1 Bc6 24. f5 Ra7 25. f6 Qd8 26. h4 Qf8
27. fxg7 Qe7 28. Rxc6 1-0

[Event "Open Brno 2017"]
[Site "Brno"]
[Date "2017.11.13"]
[Round "3"]
[White "Kastner, Oldrich"]
[Black "Mikes, Jan"]
[Result "1/2-1/2"]
[WhiteElo "2025"]
[BlackElo "2272"]
[PlyCount "64"]
[EventDate "2017.11.11"]

1. d4 Nf6 2. Nf3 g6 3. Nbd2 Bg7 4. e4 d6 5. Bc4 O-O 6. O-O c5 7. c3 cxd4 8.
Nxd4 Nbd7 9. Qe2 Ne5 10. Bb3 a5 11. a4 Nc6 12. Nb5 b6 13. Rd1 Nd7 14. Nf1 Ba6
15. Bg5 Qc8 16. Ne3 h6 17. Bh4 Bf6 18. Qg4 Nce5 19. Qg3 Bxb5 20. axb5 g5 21. f4
Kh7 22. Bxg5 hxg5 23. Qh3+ Kg8 24. Nf5 e6 25. fxe5 Nxe5 26. Rxd6 Qc5+ 27. Qe3
Qxe3+ 28. Nxe3 Rab8 29. Nc4 Be7 30. Nxe5 Bxd6 31. Nd7 Rbd8 32. Nxf8 Bc5+
1/2-1/2

[Event "Open Brno 2017"]
[Site "Brno"]
[Date "2017.11.13"]
[Round "3"]
[White "Vojta, Jakub"]
[Black "Munk, Petr"]
[Result "0-1"]
[WhiteElo "2024"]
[BlackElo "2142"]
[PlyCount "74"]
[EventDate "2017.11.11"]

1. e4 {[%emt 0:00:00]} c5 2. Nf3 e6 3. d4 cxd4 4. Nxd4 a6 5. c4 Qc7 6. Nc3 Nf6
7. Be3 b6 8. a3 Bb7 9. f3 Be7 10. Be2 O-O 11. O-O d6 12. Qd2 Nbd7 13. Rac1 Rfc8
14. b4 Qd8 15. Rfd1 Rab8 16. Bf1 Ne5 17. Na4 Nfd7 18. Qf2 h6 19. Qg3 Bh4 20.
Qh3 Qe7 21. f4 Nc6 22. Nf3 Bf6 23. Bxb6 Nxb6 24. Nxb6 Rd8 25. c5 Bb2 26. Rc2
Bxa3 27. cxd6 Rxd6 28. Rxd6 Qxd6 29. e5 Nxe5 30. Nxe5 Qxb6+ 31. Kh1 Qxb4 32.
Rc4 Qb1 33. Kg1 Qb6+ 34. Kh1 Qf2 35. Qd3 Bd5 36. Nd7 Bxc4 37. Qxc4 Rb1 0-1

[Event "Open Brno 2017"]
[Site "Brno"]
[Date "2017.11.13"]
[Round "3"]
[White "Kredl, Karel"]
[Black "Matejovsky, Ondrej"]
[Result "1/2-1/2"]
[WhiteElo "2139"]
[BlackElo "2022"]
[PlyCount "114"]
[EventDate "2017.11.11"]

1. d4 d5 2. c4 e5 3. Nf3 exd4 4. Qxd4 Nc6 5. Qxd5 Qxd5 6. cxd5 Nb4 7. Na3 Nxd5
8. Nc2 Bf5 9. Ncd4 Bb4+ 10. Bd2 Bxd2+ 11. Nxd2 Bd7 12. Rc1 c6 13. e4 Nc7 14.
Nc4 Ke7 15. Be2 Nf6 16. f3 Rad8 17. Kf2 Be6 18. Rhd1 c5 19. Nb3 Bxc4 20. Bxc4
b6 21. Na1 Ne6 22. Bxe6 Kxe6 23. Nc2 Ke7 24. Ne3 g6 25. Ke2 Rxd1 26. Rxd1 Rd8
27. Rxd8 Kxd8 28. Nc4 Ke7 29. Ne5 Ke6 30. Nc6 a5 31. Nd8+ Ke7 32. Nc6+ Kd6 33.
Nd8 Ke7 34. Nc6+ Kd6 35. Na7 Nd7 36. Nb5+ Kc6 37. Na7+ Kb7 38. Nb5 Kc6 39. Nc3
b5 40. Nd5 c4 41. Ke3 Kc5 42. f4 f5 43. h3 b4 44. g3 fxe4 45. Kxe4 a4 46. a3
bxa3 47. bxa3 Nf8 48. Nc3 Nd7 49. Nxa4+ Kb5 50. Nc3+ Kc5 51. Na4+ Kb5 52. Nc3+
Kc5 53. g4 Nf6+ 54. Ke5 Nd7+ 55. Ke4 Nf6+ 56. Ke5 Nd7+ 57. Ke4 Nf6+ 1/2-1/2

[Event "Open Brno 2017"]
[Site "Brno"]
[Date "2017.11.13"]
[Round "3"]
[White "Kuehn, Karsten"]
[Black "Sernecki, Franciszek"]
[Result "0-1"]
[WhiteElo "1979"]
[BlackElo "2139"]
[PlyCount "66"]
[EventDate "2017.11.11"]

1. d4 d5 2. Bf4 e6 3. e3 Bd6 4. Bg3 Nf6 5. Nd2 Qe7 6. Ngf3 c5 7. c3 Nc6 8. Ne5
Nd7 9. Qg4 O-O 10. Ndf3 f6 11. Nxd7 Bxd7 12. Bxd6 Qxd6 13. dxc5 Qxc5 14. Bd3 f5
15. Qh5 e5 16. Ng5 h6 17. Nh3 Qb6 18. O-O Qxb2 19. Rab1 Qxc3 20. Rb3 Qc5 21.
Rxb7 Be8 22. Qh4 Rb8 23. Rfb1 Rxb7 24. Rxb7 Qc1+ 25. Bf1 Rf7 26. Rb3 d4 27. g4
fxg4 28. Qxg4 Rf6 29. Qe2 Rg6+ 30. Kh1 Bf7 31. Rb7 Bd5+ 32. f3 d3 33. Qf2 d2
0-1

[Event "Open Brno 2017"]
[Site "Brno"]
[Date "2017.11.13"]
[Round "3"]
[White "Pokorny, Petr"]
[Black "Belus, Benjamin"]
[Result "1-0"]
[WhiteElo "2138"]
[BlackElo "1953"]
[PlyCount "101"]
[EventDate "2017.11.11"]

1. d4 d5 2. c4 e6 3. Nf3 Nf6 4. g3 g6 5. Bg2 Bg7 6. O-O O-O 7. Qc2 Ne4 8. Bf4
c6 9. Nc3 f5 10. Rad1 Nd7 11. Ne5 Qa5 12. Nxd7 Bxd7 13. c5 Qb4 14. e3 b6 15.
Nxe4 fxe4 16. a3 Qa5 17. Bd6 Rf7 18. f3 exf3 19. Rxf3 Rxf3 20. Bxf3 Bf8 21.
Bxf8 Kxf8 22. Bg2 bxc5 23. Qxc5+ Qxc5 24. dxc5 e5 25. b4 Rb8 26. Rb1 a6 27. Rb2
e4 28. Kf1 Kf7 29. Ke1 Ke6 30. Rf2 Be8 31. Kd2 a5 32. Kc3 axb4+ 33. axb4 Bf7
34. Bh3+ Ke7 35. Rb2 Be6 36. Bxe6 Kxe6 37. Ra2 Rb7 38. Ra6 Rc7 39. b5 Kf5 40.
Rxc6 Ra7 41. Ra6 Rc7 42. Kd4 Kg4 43. b6 Rc8 44. b7 Rb8 45. c6 Kh3 46. Ra8 Rxa8
47. bxa8=Q h5 48. c7 Kxh2 49. c8=Q Kxg3 50. Qxd5 h4 51. Qg5+ 1-0

[Event "Open Brno 2017"]
[Site "Brno"]
[Date "2017.11.13"]
[Round "3"]
[White "Kuehn, Martin"]
[Black "Potseluev, Sergey"]
[Result "1-0"]
[WhiteElo "1871"]
[BlackElo "2103"]
[PlyCount "81"]
[EventDate "2017.11.11"]

1. d4 {[%emt 0:00:00]} Nf6 2. Bf4 b6 3. e3 Bb7 4. Nd2 g6 5. Ngf3 Bg7 6. Bd3 d6
7. c3 Nc6 8. Qa4 O-O 9. Bb5 Nb8 10. h3 c5 11. O-O a6 12. Bd3 Nc6 13. Ne4 b5 14.
Qd1 c4 15. Nxf6+ exf6 16. Bc2 f5 17. e4 fxe4 18. Bxe4 d5 19. Bc2 b4 20. Qd2 a5
21. Rfe1 a4 22. cxb4 Qb6 23. Ne5 Qxd4 24. Nxc6 Bxc6 25. Qxd4 Bxd4 26. Be5 Bxe5
27. Rxe5 Rab8 28. a3 Rfe8 29. Rae1 f6 30. Rxe8+ Rxe8 31. Rxe8+ Bxe8 32. f4 Bc6
33. Kf2 d4 34. Bd1 Kg7 35. Bf3 c3 36. bxc3 dxc3 37. Ke3 Bb5 38. Be4 Bf1 39. h4
Bxg2 40. Bxg2 c2 41. Kd2 1-0

[Event "Open Brno 2017"]
[Site "Brno"]
[Date "2017.11.13"]
[Round "3"]
[White "Richterova, Julie"]
[Black "Domanski, Lukasz"]
[Result "0-1"]
[WhiteElo "1808"]
[BlackElo "2080"]
[PlyCount "72"]
[EventDate "2017.11.11"]

1. d4 d6 2. c4 e5 3. dxe5 dxe5 4. Qxd8+ Kxd8 5. Nf3 f6 6. Nc3 Be6 7. b3 Nd7 8.
Bb2 c6 9. O-O-O Kc7 10. e3 Nh6 11. h3 Nf7 12. Be2 a5 13. Rd2 Nc5 14. Rhd1 a4
15. b4 a3 16. Ba1 Na6 17. b5 Nc5 18. Ne1 Nd6 19. Nd3 Nde4 20. Nxc5 Nxc5 21. f3
g6 22. bxc6 bxc6 23. Re1 Bh6 24. Bf1 Rhb8 25. Nb1 Bf5 26. Nc3 Rb4 27. Rdd1 Be6
28. Kc2 Bxc4 29. Bxc4 Rxc4 30. Rb1 Rd8 31. Re2 Rd3 32. Rbe1 e4 33. fxe4 f5 34.
exf5 Bg7 35. Rd2 Bxc3 36. Rxd3 Bxe1+ 0-1

[Event "Open Brno 2017"]
[Site "Brno"]
[Date "2017.11.13"]
[Round "3"]
[White "Stanek, Stanislav"]
[Black "Bengherabi, Khalil"]
[Result "0-1"]
[WhiteElo "1930"]
[BlackElo "2220"]
[PlyCount "50"]
[EventDate "2017.11.11"]

1. e4 c5 2. f4 Nc6 3. Nf3 d6 4. d3 g6 5. Be3 Bg7 6. Nc3 b5 7. Qc1 Nd4 8. Be2
Bb7 9. O-O b4 10. Bxd4 cxd4 11. Nd1 Rc8 12. Qd2 Qb6 13. a3 b3 14. cxb3 Qxb3 15.
Rc1 Rxc1 16. Qxc1 Qb6 17. b4 Nf6 18. Nb2 O-O 19. Nc4 Qb5 20. Qb2 Nxe4 21. a4
Qc6 22. Na5 Qa6 23. dxe4 d3 24. Bxd3 Qxd3 25. Qd2 Bd4+ 0-1

[Event "Open Brno 2017"]
[Site "Brno"]
[Date "2017.11.13"]
[Round "3"]
[White "Seddaoui, Yamine"]
[Black "Chudinovskikh, Alexander M"]
[Result "1/2-1/2"]
[WhiteElo "2128"]
[BlackElo "2219"]
[PlyCount "43"]
[EventDate "2017.11.11"]

1. e4 e5 2. Nf3 Nc6 3. Bb5 Nf6 4. d3 d6 5. Nc3 Be7 6. h3 O-O 7. O-O a6 8. Ba4
b5 9. Bb3 Na5 10. Bg5 Nxb3 11. axb3 Bb7 12. Bxf6 Bxf6 13. Nd5 c5 14. Qd2 b4 15.
Qe3 g6 16. Nxf6+ Qxf6 17. Nd2 Rae8 18. Nc4 Qd8 19. Na5 Ba8 20. Nc4 Bb7 21. Na5
Ba8 22. Nc4 1/2-1/2

[Event "Open Brno 2017"]
[Site "Brno"]
[Date "2017.11.13"]
[Round "3"]
[White "Cip, Dalibor"]
[Black "Wunsch, Radek"]
[Result "1-0"]
[WhiteElo "2153"]
[BlackElo "1759"]
[PlyCount "81"]
[EventDate "2017.11.11"]

1. Nf3 d5 2. c4 c6 3. d4 Nf6 4. g3 Bf5 5. Qb3 Qb6 6. Nc3 e6 7. Bg2 Nbd7 8. O-O
dxc4 9. Qxc4 Bd6 10. Re1 e5 11. e4 Be6 12. d5 Bg4 13. dxc6 Qxc6 14. Qxc6 bxc6
15. Be3 O-O 16. Rac1 Rfb8 17. b3 Bb4 18. h3 Bh5 19. Red1 Rb7 20. g4 Bg6 21. Nh4
Bxc3 22. Nxg6 Bb4 23. Nh4 c5 24. Nf5 Kf8 25. Nd6 Rc7 26. Nc4 Nb6 27. Nxe5 Re8
28. f4 Ba3 29. Rc2 Re6 30. g5 Ne8 31. Ng4 Nd6 32. e5 Nf5 33. Bf2 Ree7 34. Rd8+
Re8 35. Rxe8+ Kxe8 36. Be4 Ne7 37. Ne3 g6 38. Kg2 Nc6 39. Ng4 Nb4 40. Rxc5 Rxc5
41. Bxc5 1-0

[Event "Open Brno 2017"]
[Site "Brno"]
[Date "2017.11.13"]
[Round "3"]
[White "Lukacs, Anna"]
[Black "Dopita, Bohumil"]
[Result "1/2-1/2"]
[WhiteElo "1754"]
[BlackElo "2136"]
[PlyCount "85"]
[EventDate "2017.11.11"]

1. d4 {[%emt 0:00:00]} Nf6 2. Bg5 e6 3. Nd2 d5 4. e3 h6 5. Bh4 c5 6. c3 c4 7.
f4 Be7 8. Ngf3 Ng4 9. Bf2 Nc6 10. Be2 b5 11. O-O O-O 12. Ne5 Ngxe5 13. fxe5 a5
14. Bf3 Bb7 15. e4 Na7 16. Be3 Bg5 17. Qe2 Rb8 18. exd5 exd5 19. Bg4 Bc8 20.
Bxc8 Nxc8 21. Nf3 Be7 22. Qf2 Rb6 23. b3 Na7 24. bxc4 bxc4 25. Rab1 Qc7 26. Nh4
Bxh4 27. Qxh4 Rfb8 28. Rxb6 Rxb6 29. Qg3 Qe7 30. Qf3 Qd7 31. h3 Rb2 32. Rf2
Rxf2 33. Bxf2 Qb7 34. Kh2 Nc8 35. Bh4 Qd7 36. a3 Nb6 37. Qg3 g5 38. Bxg5 hxg5
39. Qxg5+ Kh7 40. Qh5+ Kg8 41. Qg5+ Kh7 42. Qh5+ Kg8 43. Qg5+ 1/2-1/2

[Event "Open Brno 2017"]
[Site "Brno"]
[Date "2017.11.13"]
[Round "3"]
[White "Siegemund, Joachim"]
[Black "Aird, Ian"]
[Result "0-1"]
[WhiteElo "2127"]
[BlackElo "1738"]
[PlyCount "32"]
[EventDate "2017.11.11"]

1. e4 {[%emt 0:00:00]} e5 2. Nf3 Nc6 3. Bc4 Nf6 4. d3 Be7 5. c3 d5 6. exd5 Nxd5
7. O-O O-O 8. Re1 Bg4 9. h3 Bh5 10. g4 Bg6 11. Nxe5 Nxe5 12. Rxe5 c6 13. Bxd5
cxd5 14. Qf3 d4 15. c4 Qc7 16. Na3 Qxe5 0-1

[Event "Open Brno 2017"]
[Site "Brno"]
[Date "2017.11.13"]
[Round "3"]
[White "Zhukenov, Aituar"]
[Black "Tesar, Jan"]
[Result "1-0"]
[WhiteElo "1738"]
[BlackElo "2090"]
[PlyCount "77"]
[EventDate "2017.11.11"]

1. e4 c5 2. Nf3 a6 3. Nc3 b5 4. d4 b4 5. Ne2 e6 6. Be3 Bb7 7. Ng3 Nf6 8. Bd3
Qc7 9. c4 cxd4 10. Bxd4 Nc6 11. Bxf6 gxf6 12. O-O Ne5 13. Rc1 h5 14. Nxe5 Qxe5
15. Qc2 h4 16. Ne2 Bc5 17. h3 Qg5 18. Kh2 Rg8 19. g4 hxg3+ 20. fxg3 Bd6 21. Rf3
f5 22. c5 Rc8 23. cxd6 Rxc2 24. Rxc2 f6 25. Rf4 e5 26. Rc7 exf4 27. Rxb7 fxg3+
28. Kg2 Kf8 29. Bc4 Rh8 30. Rxd7 Qe3 31. Nxg3 f4 32. Rd8+ Kg7 33. Nf5+ Kg6 34.
Nxe3 Rxd8 35. Nf5 a5 36. Be6 a4 37. d7 a3 38. bxa3 bxa3 39. Ne7+ 1-0

[Event "Open Brno 2017"]
[Site "Brno"]
[Date "2017.11.13"]
[Round "3"]
[White "Kirste, Olaf"]
[Black "Nezval, Filip"]
[Result "0-1"]
[WhiteElo "1942"]
[BlackElo "1734"]
[PlyCount "88"]
[EventDate "2017.11.11"]

1. c4 e6 2. Nc3 Nf6 3. e4 d5 4. e5 Ne4 5. Nxe4 dxe4 6. Qg4 Qd4 7. Nf3 Qb6 8.
Qxe4 Nc6 9. Be2 Bc5 10. O-O Nd4 11. Nxd4 Bxd4 12. Kh1 c5 13. Rb1 Bd7 14. f4 Bc6
15. Qc2 O-O-O 16. Bf3 g5 17. d3 h5 18. b4 g4 19. Bxc6 Qxc6 20. b5 Qc7 21. Qa4
b6 22. Qc2 h4 23. Qe2 h3 24. Qe4 Rdg8 25. g3 Kd8 26. Bb2 Bxb2 27. Rxb2 Kc8 28.
d4 cxd4 29. Rd1 Rd8 30. Rbd2 Kb8 31. Rxd4 Rxd4 32. Rxd4 Rd8 33. Rd6 Rxd6 34.
exd6 Qxd6 35. Qe5 Kc7 36. Kg1 Kd7 37. Kf2 Qd2+ 38. Qe2 Qd4+ 39. Ke1 Qg1+ 40.
Kd2 Qg2 41. Ke3 Kd6 42. Qd3+ Kc5 43. a3 Qg1+ 44. Kd2 Qd4 0-1

[Event "Open Brno 2017"]
[Site "Brno"]
[Date "2017.11.13"]
[Round "3"]
[White "Basson, Heinrich"]
[Black "Mailebayev, Sanzhar"]
[Result "0-1"]
[WhiteElo "1939"]
[BlackElo "1727"]
[PlyCount "50"]
[EventDate "2017.11.11"]

1. d4 Nf6 2. Bf4 g6 3. Nc3 d5 4. e3 Bg7 5. h4 c5 6. Be2 Nc6 7. Nb5 O-O 8. h5
gxh5 9. Nf3 Bf5 10. c3 a6 11. Na3 Qb6 12. Qc1 Bg6 13. Nc2 Rac8 14. Rb1 Ng4 15.
Qd2 cxd4 16. exd4 e5 17. dxe5 Qxf2+ 18. Kd1 d4 19. Rf1 dxc3 20. bxc3 Qc5 21.
Rb2 Rfd8 22. Ncd4 Ncxe5 23. Nxe5 Nxe5 24. Ke1 Nc4 25. Bxc4 Qxc4 0-1

[Event "Open Brno 2017"]
[Site "Brno"]
[Date "2017.11.13"]
[Round "3"]
[White "Kallstrom, Michael"]
[Black "Feldvabl, Vilem"]
[Result "1-0"]
[WhiteElo "1847"]
[BlackElo "1642"]
[PlyCount "43"]
[EventDate "2017.11.11"]

1. e4 {[%emt 0:00:00]} e5 2. Nf3 Nf6 3. Nxe5 d6 4. Nf3 Nxe4 5. Nc3 Nxc3 6. dxc3
Be6 7. Bf4 Be7 8. Qd2 Nc6 9. Bb5 a6 10. Ba4 O-O 11. Nd4 Nxd4 12. cxd4 Bd5 13.
O-O h6 14. c3 Be4 15. Rfe1 Bg6 16. Re2 b5 17. Bb3 Qd7 18. Rae1 Rfe8 19. Bxh6
gxh6 20. Qxh6 Qf5 21. h3 Qf6 22. Bd5 1-0

[Event "Open Brno 2017"]
[Site "Brno"]
[Date "2017.11.13"]
[Round "3"]
[White "Ruzicka, Vaclav"]
[Black "Hamouche, Kahina"]
[Result "1-0"]
[WhiteElo "1571"]
[BlackElo "1282"]
[PlyCount "43"]
[EventDate "2017.11.11"]

1. d4 Nf6 2. c4 d6 3. Nf3 g6 4. g3 Bg7 5. Bg2 O-O 6. Nc3 Nbd7 7. e4 e5 8. d5 a5
9. O-O Nc5 10. Qc2 Ne8 11. Be3 b6 12. Nd2 f5 13. f4 fxe4 14. Ndxe4 Bf5 15. Qe2
exf4 16. Bxf4 Nxe4 17. Nxe4 Nf6 18. Bg5 Qd7 19. Nxf6+ Bxf6 20. Bxf6 Rxf6 21.
Rae1 Re8 22. Qxe8+ 1-0

[Event "Open Brno 2017"]
[Site "Brno"]
[Date "2017.11.14"]
[Round "4"]
[White "Qashashvili, Alexandre"]
[Black "Pokorny, Petr"]
[Result "1/2-1/2"]
[WhiteElo "2514"]
[BlackElo "2138"]
[PlyCount "153"]
[EventDate "2017.11.11"]

1. e4 e5 2. Nf3 Nf6 3. Nxe5 d6 4. Nf3 Nxe4 5. Nc3 Nxc3 6. dxc3 Be7 7. Be3 Nd7
8. Qd2 Ne5 9. Nd4 c5 10. Bb5+ Bd7 11. Bxd7+ Qxd7 12. Ne2 O-O 13. b3 b6 14. Rd1
Rfe8 15. O-O Rad8 16. c4 Ng4 17. Bf4 Nf6 18. Nc3 Qf5 19. Bg3 Ne4 20. Nxe4 Qxe4
21. Rfe1 Qc6 22. Re3 Bf8 23. Rd3 Re6 24. Rd5 Qe8 25. h3 g6 26. Kh2 Rd7 27. Qd3
Qe7 28. Qf3 Bg7 29. R5d3 Be5 30. Bxe5 Rxe5 31. R1d2 Kg7 32. a4 Rf5 33. Qd1 Re5
34. Rd5 Rxd5 35. Rxd5 Qe4 36. Qd2 Qe6 37. g3 Qf6 38. h4 h5 39. Rd3 Qe6 40. Kg2
Qe4+ 41. Kg1 Qe6 42. Re3 Qf6 43. Rd3 Qa1+ 44. Kg2 Qe5 45. a5 bxa5 46. Qxa5 Qe4+
47. Kg1 Qe5 48. Qd2 Qa1+ 49. Kg2 Qe5 50. Rd5 Qe4+ 51. Kg1 Qe6 52. Kh2 Qf6 53.
Kg2 Qe6 54. Kg1 Kg8 55. Qc3 Re7 56. Rd3 Qe1+ 57. Qxe1 Rxe1+ 58. Kg2 Re6 59. Rd1
Kg7 60. Kf3 Kf6 61. c3 Kf5 62. b4 Kf6 63. Rd2 Kf5 64. Rd5+ Kf6 65. Rd2 Kg7 66.
Ra2 Re7 67. Ra6 cxb4 68. cxb4 Rc7 69. b5 Rxc4 70. Rxa7 Rb4 71. Rb7 d5 72. b6
Rb3+ 73. Kf4 d4 74. Ke4 d3 75. Ke3 Kf6 76. Rb8 Kg7 77. b7 1/2-1/2

[Event "Open Brno 2017"]
[Site "Brno"]
[Date "2017.11.14"]
[Round "4"]
[White "Sernecki, Franciszek"]
[Black "Molnar, Bela"]
[Result "1/2-1/2"]
[WhiteElo "2139"]
[BlackElo "2289"]
[PlyCount "55"]
[EventDate "2017.11.11"]

1. d4 {[%emt 0:00:00]} g6 2. Nf3 Bg7 3. e3 c5 4. Be2 Nf6 5. O-O b6 6. b3 Bb7 7.
Bb2 O-O 8. c4 cxd4 9. exd4 d5 10. Nc3 Nc6 11. Ne5 dxc4 12. Nxc6 Bxc6 13. bxc4
e6 14. Qd3 Qe7 15. a4 Rfd8 16. Rfd1 Qb7 17. Qg3 Ne4 18. Nxe4 Bxe4 19. Bf1 Rd7
20. Bc3 a6 21. Qe3 Bc6 22. Rdb1 Rb8 23. Rb2 Qa8 24. Rab1 Be4 25. Re1 Bc6 26.
Reb1 Be4 27. Re1 Bc6 28. Reb1 1/2-1/2

[Event "Open Brno 2017"]
[Site "Brno"]
[Date "2017.11.14"]
[Round "4"]
[White "Munk, Petr"]
[Black "Kuehn, Martin"]
[Result "0-1"]
[WhiteElo "2142"]
[BlackElo "1871"]
[PlyCount "88"]
[EventDate "2017.11.11"]

1. c4 e5 2. g3 Nc6 3. Bg2 f5 4. Nc3 Bb4 5. Nd5 Nf6 6. Nxb4 Nxb4 7. Nf3 d6 8.
O-O O-O 9. d4 e4 10. Ng5 c6 11. a3 Na6 12. h4 Nc7 13. f3 d5 14. c5 Nh5 15. Qe1
f4 16. gxf4 h6 17. Nh3 exf3 18. Rxf3 Bg4 19. Rd3 Bf5 20. Rb3 Rf6 21. Qf2 Ne6
22. e3 Rg6 23. Kh2 Rg3 24. e4 Rxb3 25. exf5 Nf6 26. Bf3 Nxd4 27. Bd1 Nxf5 28.
Qe2 Rxh3+ 29. Kxh3 Ne4 30. Qh5 Nf2+ 31. Kg2 Nxd1 32. Qxf5 Qxh4 33. Qe6+ Kh8 34.
Be3 Qg4+ 35. Qxg4 Nxe3+ 36. Kg3 Nxg4 37. Kxg4 Re8 38. b4 Re4 39. Rb1 Kh7 40.
Kf3 a6 41. a4 Kg6 42. b5 axb5 43. axb5 Kf5 44. bxc6 Rxf4+ 0-1

[Event "Open Brno 2017"]
[Site "Brno"]
[Date "2017.11.14"]
[Round "4"]
[White "Domanski, Lukasz"]
[Black "Mikes, Jan"]
[Result "0-1"]
[WhiteElo "2080"]
[BlackElo "2272"]
[PlyCount "54"]
[EventDate "2017.11.11"]

1. b3 Nf6 2. Bb2 g6 3. Bxf6 exf6 4. c4 Bg7 5. Nc3 O-O 6. g3 f5 7. Bg2 d6 8. e3
Nd7 9. Nge2 a6 10. O-O Rb8 11. Rc1 Nf6 12. Nd5 c6 13. Nxf6+ Qxf6 14. d4 g5 15.
Qd2 h5 16. b4 Bd7 17. d5 c5 18. bxc5 dxc5 19. Rb1 b5 20. Qa5 Qd6 21. Nc3 b4 22.
Na4 Rfc8 23. a3 Qc7 24. Qxa6 Ra8 25. Qxa8 Rxa8 26. d6 Qxd6 27. Bxa8 Bxa4 0-1